<?xml version="1.0" encoding="UTF-8"?>
<record
    xmlns:xsi="http://www.w3.org/2001/XMLSchema-instance"
    xsi:schemaLocation="http://www.loc.gov/MARC21/slim http://www.loc.gov/standards/marcxml/schema/MARC21slim.xsd"
    xmlns="http://www.loc.gov/MARC21/slim">

  <leader>01847    a2200253   4500</leader>
  <controlfield tag="001">44881</controlfield>
  <controlfield tag="005">20260407155723.0</controlfield>
  <controlfield tag="008">260407a1988    arg                 spa d</controlfield>
  <controlfield tag="003">AR-UNSa-BCEJYS</controlfield>
  <datafield tag="040" ind1=" " ind2=" ">
    <subfield code="a">AR-UNSa-BCEJYS</subfield>
    <subfield code="b">spa</subfield>
    <subfield code="c">AR-UNSa-BCEJYS</subfield>
  </datafield>
  <datafield tag="080" ind1=" " ind2=" ">
    <subfield code="a">330.43</subfield>
    <subfield code="x">Econometr&#xED;a</subfield>
  </datafield>
  <datafield tag="245" ind1="1" ind2="0">
    <subfield code="a">Econometr&#xED;a b&#xE1;sica</subfield>
  </datafield>
  <datafield tag="020" ind1=" " ind2=" ">
    <subfield code="a">968-451-027-6</subfield>
  </datafield>
  <datafield tag="264" ind1=" " ind2="1">
    <subfield code="a">M&#xE9;xico :</subfield>
    <subfield code="b">McGraw-Hill</subfield>
    <subfield code="c">1988</subfield>
  </datafield>
  <datafield tag="300" ind1=" " ind2=" ">
    <subfield code="a">xxii, 463 p.</subfield>
    <subfield code="c">23 cm.</subfield>
  </datafield>
  <datafield tag="505" ind1=" " ind2=" ">
    <subfield code="a">Parte I: Modelos de regresi&#xF3;n uniecuacionales : 1. Naturaleza del an&#xE1;lisis de regresi&#xF3;n - 2. Modelos de regresi&#xF3;n con dos variables: Algunas ideas b&#xE1;sicas - 3. Modelos de regresi&#xF3;n con dos variables: El problema de estimaci&#xF3;n - 4. Supuesto de normalidad: Modelo cl&#xE1;sico de regresi&#xF3;n lineal normal - 5. Regresi&#xF3;n con dos variables: Estimaci&#xF3;n de intervalos y prueba de hip&#xF3;tesis &#x2013; 6. An&#xE1;lisis de regresi&#xF3;n m&#xFA;ltiple: el problema de estimaci&#xF3;n &#x2013; 7. An&#xE1;lisis de regresi&#xF3;n m&#xFA;ltiple: el problema de la Inferencia &#x2013; 8. Enfoque matricial en el modelo de regresi&#xF3;n lineal &#x2013; Parte II: Violaci&#xF3;n de los supuestos del modelo cl&#xE1;sico: 9. Multicolinealidad &#x2013; 10. Heteroscedasticidad &#x2013; 11. Autocorrelaci&#xF3;n &#x2013; Parte III: Otros temas de econometr&#xED;a: 12. Modelos autoregresivos y de rezagos distribuidos &#x2013; 13. Regresi&#xF3;n de una variable dic&#xF3;toma &#x2013; 14. Regresi&#xF3;n con una variable dependiente dic&#xF3;toma &#x2013; 15. Modelos uniecuacionales: otros temas &#x2013; Parte IV: Modelos de ecuaciones simult&#xE1;neas &#x2013; 17. El problema de la identificaci&#xF3;n &#x2013; 18. M&#xE9;todos para ecuaciones simult&#xE1;neas - </subfield>
  </datafield>
  <datafield tag="041" ind1=" " ind2=" ">
    <subfield code="a">spa</subfield>
  </datafield>
  <datafield tag="942" ind1=" " ind2=" ">
    <subfield code="c">BK</subfield>
  </datafield>
  <datafield tag="590" ind1=" " ind2=" ">
    <subfield code="a">niveau_biblio:m niveau_hierar:0</subfield>
  </datafield>
  <datafield tag="100" ind1="1" ind2=" ">
    <subfield code="a">Mesa, Juan Manuel</subfield>
  </datafield>
  <datafield tag="700" ind1="1" ind2=" ">
    <subfield code="a">Gujarati, Damodar N.</subfield>
  </datafield>
  <datafield tag="700" ind1="1" ind2=" ">
    <subfield code="a">Ram&#xED;rez, Manuel</subfield>
  </datafield>
  <datafield tag="856" ind1="4" ind2="1">
    <subfield code="u">https://www.biblioeco.unsa.edu.ar/pmb/images/libros/L127012.jpg</subfield>
    <subfield code="y">Imagen de portada</subfield>
    <subfield code="q">image/jpeg</subfield>
  </datafield>
  <datafield tag="999" ind1=" " ind2=" ">
    <subfield code="c">3830</subfield>
    <subfield code="d">3830</subfield>
  </datafield>
  <datafield tag="952" ind1=" " ind2=" ">
    <subfield code="0">0</subfield>
    <subfield code="1">0</subfield>
    <subfield code="4">0</subfield>
    <subfield code="7">0</subfield>
    <subfield code="a">BCEJYS</subfield>
    <subfield code="b">BCEJYS</subfield>
    <subfield code="c">16</subfield>
    <subfield code="d">2026-04-07</subfield>
    <subfield code="l">0</subfield>
    <subfield code="o">330.43 G896</subfield>
    <subfield code="p">L127012</subfield>
    <subfield code="r">2026-04-07 15:57:23</subfield>
    <subfield code="w">2026-04-07</subfield>
    <subfield code="y">L</subfield>
  </datafield>
</record>
